000 00833nam a2200241 i 4500
001 C2-0278880
003 PPAK
005 20180728010323.0
008 070409s1992 my |||| ||||| | may d
040 _aPPAK
_beng
_cPPAK
_erda
082 0 4 _a630.9595
_223
090 0 0 _a630.9595
_bJAB
_dKK
110 2 _aJabatan Perancang Bandar dan Desa Semenanjung Malaysia
245 0 0 _aPelan Pembangunan Pusat Pertumbuhan Desa Kampung Batu Bertangkup Perlis
264 1 _aAlor Setar, Kedah :
_bKementerian Pembangunan Luar Bandar ,
_c1992
300 _c30 cm
336 _2rdacontent
_atext
337 _2rdamedia
_aunmediated
338 _2rdacarrier
_avolume
650 1 0 _aAgriculture and state - Kedah ; Agriculture - Research - Malaysia
710 2 _aJabatan Perancang Bandar dan Desa Semenanjung Malaysia
_eorganizer
942 _ddc
_cB
999 _c85680
_d85680